[Event "BCF-chT 2324 (4NCL)"]
[Site "England"]
[Date "2024.02.11"]
[Round "6.4"]
[White "Swanson, Stephen"]
[Black "Varney, Zoe"]
[Result "0-1"]
[WhiteElo "2156"]
[BlackElo "2076"]
[PlyCount "66"]
[EventDate "2023.11.11"]
[EventType "team-tourn"]
[EventRounds "11"]
[EventCountry "ENG"]
[SourceTitle "CB11_2024"]
[SourceDate "2024.03.13"]
[SourceVersion "1"]
[SourceVersionDate "2024.03.13"]
[SourceQuality "1"]
[WhiteTeam "Alba"]
[BlackTeam "Blackthorne Russia"]
[WhiteTeamCountry "ENG"]
[BlackTeamCountry "ENG"]

1. g3 d5 2. Bg2 Nf6 3. d3 c6 4. Nd2 e5 5. e4 Bc5 6. Ngf3 Nbd7 7. 0-0 0-0 8. b3 Re8 9. Bb2 a5 10. a3 b5 11. Qe2 Qb6 12. c3 dxe4 13. dxe4 Ba6 14. b4 Bf8 15. Rfc1 c5 16. bxa5 Qxa5 17. c4 Rab8 18. h3 Qa4 19. Qe3 bxc4 20. Bc3 Bd6 21. Bf1 Qc6 22. Re1 Nb6 23. Nh4 Na4 24. Rac1 Rb7 25. Nf5 Bf8 26. Nxc4 Bxc4 27. Bxc4 Nb6 28. Ba1 Nxc4 29. Rxc4 Qe6 30. Rec1 Reb8 31. Kh2 Rb3 32. R1c3 Rb1 33. Rc1 Rxa1 0-1

[Event "Kingston-B 2nd"]
[Site "Kingston Upon Thames"]
[Date "2023.07.25"]
[Round "2"]
[White "Varney, Zoe"]
[Black "Willmoth, Robert"]
[Result "1/2-1/2"]
[WhiteElo "2020"]
[BlackElo "2129"]
[PlyCount "46"]
[EventDate "2023.07.24"]
[EventType "tourn"]
[EventRounds "9"]
[EventCountry "ENG"]
[SourceTitle "CBM 215 Extra"]
[Source "ChessBase"]
[SourceDate "2023.09.30"]
[SourceVersion "1"]
[SourceVersionDate "2023.09.30"]
[SourceQuality "1"]

1. d4 Nf6 2. c4 g6 3. g3 d5 4. cxd5 Nxd5 5. e4 Nb6 6. Nc3 Bg7 7. Nge2 Nc6 8. d5 Nb8 9. Bg2 0-0 10. 0-0 c6 11. Qb3 e6 12. Rd1 exd5 13. exd5 c5 14. Be3 Na6 15. Rac1 Bd7 16. Rd2 Bf5 17. a4 Qd7 18. a5 Nc8 19. Qa3 Nd6 20. Na4 Qb5 21. Bxc5 Nxc5 22. Rxc5 Qd7 23. Qb4 Rfe8 1/2-1/2

[Event "ENG-ch Chessable (Women)"]
[Site "Kenilworth"]
[Date "2023.05.26"]
[Round "1"]
[White "Catabay, Mae Katelyn Rose"]
[Black "Varney, Zoe"]
[Result "0-1"]
[WhiteElo "1542"]
[BlackElo "1974"]
[PlyCount "106"]
[EventDate "2023.05.26"]
[EventType "swiss"]
[EventRounds "7"]
[EventCountry "ENG"]
[SourceTitle "CBM 214 Extra"]
[Source "ChessBase"]
[SourceDate "2023.07.31"]
[SourceVersion "1"]
[SourceVersionDate "2023.07.31"]
[SourceQuality "1"]

1. d4 d5 2. Nf3 Nf6 3. c4 e6 4. e3 c6 5. Nc3 Nbd7 6. Bd3 dxc4 7. Bxc4 b5 8. Bd3 a6 9. 0-0 Bb7 10. Re1 c5 11. Bc2 Qc7 12. Qe2 Bd6 13. dxc5 Bxc5 14. h3 Rc8 15. Bd3 Ba7 16. Bd2 Nc5 17. Bc2 0-0 18. Rac1 Rfd8 19. e4 e5 20. Bg5 Qe7 21. Rcd1 h6 22. Bh4 g5 23. Bg3 Bb8 24. Bb1 Qe6 25. Qe3 Ncd7 26. Rd2 g4 27. Nh4 gxh3 28. Qxh6 Qg4 29. Nf5 Re8 30. f3 Qg6 31. Qxg6+ fxg6 32. Nd6 Bxd6 33. Rxd6 hxg2 34. Kxg2 Kf7 35. a3 Rc6 36. Red1 Ke7 37. Rxc6 Bxc6 38. Nd5+ Bxd5 39. exd5 g5 40. Bf5 Kd6 41. Be4 Nc5 42. Re1 g4 43. b4 Ncxe4 44. fxe4 Rc8 45. Bh4 Nh5 46. Bg5 Rc2+ 47. Kg1 Rc3 48. Be3 Rxa3 49. Bc5+ Kd7 50. Rc1 Ng3 51. Rf1 Nxf1 52. Kxf1 a5 53. bxa5 Rxa5 0-1

[Event "Edinburgh She Plays To Win 2nd"]
[Site "Edinburgh"]
[Date "2023.02.19"]
[Round "9"]
[White "Cooke, Suzie G"]
[Black "Varney, Zoe"]
[Result "1/2-1/2"]
[WhiteElo "1941"]
[BlackElo "1937"]
[PlyCount "32"]
[EventDate "2023.02.15"]
[EventType "tourn"]
[EventRounds "9"]
[EventCountry "SCO"]
[SourceTitle "CBM 212 Extra"]
[Source "ChessBase"]
[SourceDate "2023.03.31"]
[SourceVersion "1"]
[SourceVersionDate "2023.03.31"]
[SourceQuality "1"]

1. d4 d5 2. Bf4 Nf6 3. e3 c5 4. c3 Nc6 5. Nd2 Bf5 6. Qb3 Qb6 7. dxc5 Qxb3 8. axb3 e5 9. Bg3 Bxc5 10. Ngf3 e4 11. Nd4 Nxd4 12. exd4 Bb6 13. Bb5+ Bd7 14. Bxd7+ Nxd7 15. Nf1 Rd8 16. Ne3 Nf6 1/2-1/2

[Event "Edinburgh She Plays To Win 2nd"]
[Site "Edinburgh"]
[Date "2023.02.18"]
[Round "8"]
[White "Varney, Zoe"]
[Black "Motycakova, Monika"]
[Result "1/2-1/2"]
[WhiteElo "1937"]
[BlackElo "2101"]
[PlyCount "48"]
[EventDate "2023.02.15"]
[EventType "tourn"]
[EventRounds "9"]
[EventCountry "SCO"]
[SourceTitle "CBM 212 Extra"]
[Source "ChessBase"]
[SourceDate "2023.03.31"]
[SourceVersion "1"]
[SourceVersionDate "2023.03.31"]
[SourceQuality "1"]

1. d4 d5 2. c4 c6 3. Nf3 Nf6 4. g3 dxc4 5. Bg2 b5 6. a4 Bb7 7. Ne5 Qb6 8. 0-0 e6 9. e3 Be7 10. Bd2 a6 11. Nc3 0-0 12. b3 cxb3 13. Qxb3 Nbd7 14. Nd3 Rfb8 15. Rfc1 a5 16. Ne4 Nxe4 17. Bxe4 c5 18. Bxb7 Rxb7 19. dxc5 Nxc5 20. Nxc5 Bxc5 21. axb5 Qxb5 22. Qc2 Rc7 23. Qe4 Rcc8 24. Rcb1 Qc6 1/2-1/2

[Event "Edinburgh She Plays To Win 2nd"]
[Site "Edinburgh"]
[Date "2023.02.16"]
[Round "3"]
[White "Varney, Zoe"]
[Black "Steil Antoni, Fiona"]
[Result "0-1"]
[WhiteElo "1937"]
[BlackElo "2195"]
[PlyCount "96"]
[EventDate "2023.02.15"]
[EventType "tourn"]
[EventRounds "9"]
[EventCountry "SCO"]
[SourceTitle "CBM 212 Extra"]
[Source "ChessBase"]
[SourceDate "2023.03.31"]
[SourceVersion "1"]
[SourceVersionDate "2023.03.31"]
[SourceQuality "1"]

1. d4 f5 2. Nc3 Nf6 3. Bg5 g6 4. h4 d5 5. h5 Nxh5 6. Rxh5 gxh5 7. e3 Be6 8. Qxh5+ Bf7 9. Qh3 Qd7 10. Bd3 e6 11. Bf6 Rg8 12. Nf3 Nc6 13. Bb5 Bg6 14. Ne5 Qd6 15. 0-0-0 a6 16. Ba4 Rb8 17. Ne2 b5 18. Bb3 Nxe5 19. dxe5 Qd7 20. Nf4 c6 21. c4 bxc4 22. Bxc4 a5 23. Bb3 Rb4 24. Nd3 Rb8 25. Nf4 Qb7 26. Rd2 Bb4 27. Rc2 Qb5 28. g3 Bf7 29. e4 a4 30. Bxd5 cxd5 31. exd5 exd5 32. e6 Bg6 33. Be5 Rd8 34. Rc7 Bd6 35. Bxd6 Rxd6 36. Rc8+ Rd8 37. Rc7 Qb6 38. Rc2 Qb7 39. Qh4 Rc8 40. Qf6 Rxc2+ 41. Kxc2 Rg7 42. Qd4 Qc6+ 43. Kb1 Rc7 44. Qh8+ Ke7 45. Qg7+ Kd6 46. Qf8+ Ke5 47. Qh8+ Ke4 48. f3+ Kxf3 0-1

[Event "Edinburgh She Plays To Win 2nd"]
[Site "Edinburgh"]
[Date "2023.02.15"]
[Round "2"]
[White "Arakhamia Grant, Ketevan"]
[Black "Varney, Zoe"]
[Result "1/2-1/2"]
[WhiteElo "2320"]
[BlackElo "1937"]
[PlyCount "46"]
[EventDate "2023.02.15"]
[EventType "tourn"]
[EventRounds "9"]
[EventCountry "SCO"]
[SourceTitle "CBM 212 Extra"]
[Source "ChessBase"]
[SourceDate "2023.03.31"]
[SourceVersion "1"]
[SourceVersionDate "2023.03.31"]
[SourceQuality "1"]

1. e4 e5 2. Nf3 Nc6 3. Bb5 a6 4. Ba4 Nf6 5. d4 exd4 6. 0-0 Be7 7. e5 Ne4 8. Nxd4 Nxd4 9. Qxd4 Nc5 10. Bb3 Nxb3 11. cxb3 0-0 12. Bf4 c6 13. Nc3 f6 14. Rad1 fxe5 15. Bxe5 Rf7 16. b4 d5 17. Na4 Bf6 18. Rfe1 Bf5 19. Nb6 Bxe5 20. Rxe5 Rb8 21. Rde1 Qf6 22. f3 Rbf8 23. Na4 Qg6 1/2-1/2

[Event "Edinburgh She Plays To Win 2nd"]
[Site "Edinburgh"]
[Date "2023.02.15"]
[Round "1"]
[White "Varney, Zoe"]
[Black "Henderson de la Fuente, Andrea"]
[Result "1-0"]
[WhiteElo "1937"]
[BlackElo "1989"]
[PlyCount "55"]
[EventDate "2023.02.15"]
[EventType "tourn"]
[EventRounds "9"]
[EventCountry "SCO"]
[SourceTitle "CBM 212 Extra"]
[Source "ChessBase"]
[SourceDate "2023.03.31"]
[SourceVersion "1"]
[SourceVersionDate "2023.03.31"]
[SourceQuality "1"]

1. e4 d6 2. d4 Nf6 3. Nc3 e5 4. Nf3 Nbd7 5. Rg1 c6 6. g4 h6 7. h4 exd4 8. Nxd4 Nc5 9. Qe2 Qe7 10. f3 Qe5 11. Be3 g5 12. 0-0-0 Be7 13. Qd2 d5 14. Nb3 Ne6 15. exd5 Nxd5 16. Nxd5 cxd5 17. Bb5+ Kf8 18. Rge1 Bf6 19. Bd4 Nxd4 20. Rxe5 Nxb3+ 21. axb3 Bxe5 22. hxg5 hxg5 23. Qxg5 f6 24. Qd2 Be6 25. Qb4+ Kf7 26. f4 a5 27. Qd2 Bxg4 28. Rg1 1-0

[Event "BCF-chT 2223 (4NCL)"]
[Site "England"]
[Date "2023.02.11"]
[Round "5.1"]
[White "Varney, Zoe"]
[Black "Boswell, Jacob Connor"]
[Result "0-1"]
[WhiteElo "1989"]
[BlackElo "2110"]
[PlyCount "58"]
[EventDate "2022.10.22"]
[EventType "team-swiss"]
[EventRounds "11"]
[EventCountry "ENG"]
[SourceTitle "CBM 213 Extra"]
[Source "ChessBase"]
[SourceDate "2023.05.31"]
[SourceVersion "1"]
[SourceVersionDate "2023.05.31"]
[SourceQuality "1"]
[WhiteTeam "Blackthorne Russia"]
[BlackTeam "Cheddleton"]
[WhiteTeamCountry "ENG"]
[BlackTeamCountry "ENG"]

1. d4 b5 2. e4 a6 3. Nf3 Bb7 4. Bd3 e6 5. Be3 Nf6 6. Nbd2 d6 7. 0-0 Be7 8. c3 0-0 9. Qc2 h6 10. a4 Qd7 11. axb5 axb5 12. Qb3 Rxa1 13. Rxa1 Nxe4 14. Nxe4 Bd5 15. Qc2 f5 16. Nc5 dxc5 17. Ne5 Qe8 18. dxc5 Bf6 19. Bd4 Nc6 20. Bxb5 Nxd4 21. cxd4 Qxb5 22. Ng6 Rb8 23. h3 Qxb2 24. Qa4 Qxd4 25. Ne7+ Kh7 26. Qxd4 Bxd4 27. Ra7 Rb1+ 28. Kh2 Be5+ 29. g3 Rh1# 0-1

[Event "BCF-chT 2223 (4NCL)"]
[Site "England"]
[Date "2023.01.15"]
[Round "4.6"]
[White "Haydon, David Leslie"]
[Black "Varney, Zoe"]
[Result "1-0"]
[WhiteElo "2262"]
[BlackElo "1989"]
[PlyCount "75"]
[EventDate "2022.10.22"]
[EventType "team-swiss"]
[EventRounds "11"]
[EventCountry "ENG"]
[SourceTitle "CBM 213 Extra"]
[Source "ChessBase"]
[SourceDate "2023.05.31"]
[SourceVersion "1"]
[SourceVersionDate "2023.05.31"]
[SourceQuality "1"]
[WhiteTeam "Wood Green"]
[BlackTeam "Blackthorne Russia"]
[WhiteTeamCountry "ENG"]
[BlackTeamCountry "ENG"]

1. e4 e5 2. Nf3 Nc6 3. Bb5 a6 4. Ba4 Nf6 5. Qe2 b5 6. Bb3 Bc5 7. c3 0-0 8. d3 d6 9. Nbd2 Bb6 10. Nf1 Ne7 11. Ng3 Ng6 12. 0-0 Be6 13. Be3 c5 14. Rfd1 Qc7 15. h3 Rfe8 16. Bxe6 Rxe6 17. a4 Rd8 18. axb5 axb5 19. c4 b4 20. Nf5 Nd7 21. g3 Ree8 22. Kg2 Ngf8 23. N3h4 Ne6 24. Qg4 Nf6 25. Qf3 Ra8 26. Nxg7 Nxg7 27. Qxf6 Qd8 28. Qf3 Qd7 29. Bh6 Qe6 30. Bxg7 Kxg7 31. Nf5+ Kh8 32. Qg4 Qf6 33. Ne3 Rxa1 34. Rxa1 Rg8 35. Nd5 Qd8 36. Qf5 Rg7 37. Ra6 Ba5 38. Rc6 1-0

[Event "Berks & Bucks op"]
[Site "Maidenhead"]
[Date "2022.08.29"]
[Round "6"]
[White "Varney, Zoe"]
[Black "Peters, Stephen G"]
[Result "1/2-1/2"]
[WhiteElo "2018"]
[BlackElo "2029"]
[PlyCount "35"]
[EventDate "2022.08.27"]
[EventType "swiss"]
[EventRounds "6"]
[EventCountry "ENG"]
[SourceTitle "CBM 210 Extra"]
[Source "ChessBase"]
[SourceDate "2022.11.30"]
[SourceVersion "1"]
[SourceVersionDate "2022.11.30"]
[SourceQuality "1"]

1. e4 e5 2. Nf3 Nc6 3. Bc4 Nf6 4. Ng5 d5 5. exd5 Na5 6. Bb5+ c6 7. dxc6 bxc6 8. Bd3 Nd5 9. Nf3 Bd6 10. 0-0 0-0 11. Re1 Re8 12. Nc3 f5 13. Nxd5 cxd5 14. Bb5 Bd7 15. Bxd7 Qxd7 16. d3 Nc6 17. c3 Rab8 18. Qa4 1/2-1/2

[Event "Olympiad Women-44"]
[Site "Chennai"]
[Date "2022.08.05"]
[Round "7.4"]
[White "Steffensen, Elena"]
[Black "Varney, Zoe"]
[Result "0-1"]
[WhiteElo "2044"]
[BlackElo "2045"]
[PlyCount "112"]
[EventDate "2022.07.29"]
[EventType "team-swiss"]
[EventRounds "11"]
[EventCountry "IND"]
[SourceTitle "CBM 210"]
[Source "ChessBase"]
[SourceDate "2022.10.31"]
[SourceVersion "1"]
[SourceVersionDate "2022.10.31"]
[SourceQuality "1"]
[WhiteTeam "Denmark (W)"]
[BlackTeam "England (W)"]
[WhiteTeamCountry "DEN"]
[BlackTeamCountry "ENG"]

1. e4 e5 2. Nf3 Nc6 3. d4 exd4 4. Bc4 Nf6 5. e5 Ne4 6. Qe2 Nc5 7. 0-0 Ne6 8. Rd1 d5 9. exd6 Bxd6 10. c3 dxc3 11. Nxc3 0-0 12. Ne4 Re8 13. Nxd6 cxd6 14. Qd3 Ne5 15. Qe2 Qc7 16. Nxe5 dxe5 17. Bb5 Re7 18. Be3 Nd4 19. Bxd4 exd4 20. Qd2 Qb6 21. a4 Bd7 22. Bf1 Re4 23. a5 Qd6 24. Ra3 Bc6 25. f3 Rf4 26. Qf2 Qf6 27. Be2 Rd8 28. a6 b6 29. b4 d3 30. Raxd3 Rxd3 31. Bxd3 Rxb4 32. Qd2 Rb2 33. Qe3 g6 34. Be4 Bxe4 35. Qxe4 Qg5 36. f4 Qc5+ 37. Kh1 Qc3 38. h3 Kg7 39. Rd3 Qf6 40. Rd7 Rf2 41. Rxa7 Rxf4 42. Qe3 Rf1+ 43. Kh2 Qd6+ 44. g3 Qd5 45. g4 g5 46. Kg3 Rd1 47. Qc3+ Kg6 48. Qc2+ Rd3+ 49. Kh2 Qe5+ 50. Kh1 Qe4+ 51. Kh2 Qf4+ 52. Kh1 Qf1+ 53. Kh2 Qxh3+ 54. Kg1 Qxg4+ 55. Kf2 Qd4+ 56. Ke2 Qe4+ 0-1

[Event "Kingston 1st"]
[Site "Kingston"]
[Date "2022.07.23"]
[Round "8"]
[White "Varney, Zoe"]
[Black "Large, Peter G"]
[Result "0-1"]
[WhiteElo "2045"]
[BlackElo "2299"]
[PlyCount "100"]
[EventDate "2022.07.19"]
[EventType "tourn"]
[EventRounds "9"]
[EventCountry "ENG"]
[SourceTitle "EXT 2024"]
[Source "ChessBase"]
[SourceDate "2023.10.10"]
[SourceVersion "1"]
[SourceVersionDate "2023.10.10"]
[SourceQuality "1"]

1. e4 e6 2. d4 d5 3. Bd3 dxe4 4. Bxe4 Nf6 5. Bf3 Nbd7 6. Ne2 Be7 7. Nbc3 e5 8. Be3 0-0 9. h3 exd4 10. Nxd4 Ne5 11. Qe2 Bb4 12. Rd1 Nxf3+ 13. Nxf3 Qe7 14. Bd2 Bf5 15. a3 Qxe2+ 16. Nxe2 Bc5 17. Bc3 Rad8 18. Bxf6 gxf6 19. Rxd8 Rxd8 20. 0-0 Bxc2 21. Rc1 Rd1+ 22. Rxd1 Bxd1 23. Ned4 Kf8 24. Kf1 Ke7 25. Ke1 Bxf3 26. Nxf3 Ke6 27. Ke2 Kd5 28. Nd2 b5 29. f3 a5 30. Kd3 f5 31. g4 fxg4 32. hxg4 f5 33. gxf5 h5 34. Ne4 Bd4 35. b3 h4 36. f6 h3 37. f7 Bg7 38. Ke2 h2 39. Ng3 Ke6 40. Kf1 Kxf7 41. Kg2 Ke6 42. Kxh2 Be5 43. Kg2 Bxg3 44. Kxg3 c5 45. Kf4 c4 46. bxc4 b4 47. axb4 a4 48. b5 a3 49. b6 Kd7 50. c5 a2 0-1

[Event "Kingston 1st"]
[Site "Kingston"]
[Date "2022.07.21"]
[Round "3"]
[White "Varney, Zoe"]
[Black "Taylor, William J"]
[Result "1/2-1/2"]
[WhiteElo "2045"]
[BlackElo "1959"]
[PlyCount "43"]
[EventDate "2022.07.19"]
[EventType "tourn"]
[EventRounds "9"]
[EventCountry "ENG"]
[SourceTitle "EXT 2024"]
[Source "ChessBase"]
[SourceDate "2023.10.10"]
[SourceVersion "1"]
[SourceVersionDate "2023.10.10"]
[SourceQuality "1"]

1. e3 d5 2. Nf3 Nf6 3. c4 e6 4. b3 Nbd7 5. Bb2 Bd6 6. d4 b6 7. Bd3 Bb7 8. 0-0 0-0 9. Ne5 Qe7 10. Nd2 a5 11. Rc1 a4 12. Bb1 c5 13. f4 axb3 14. axb3 cxd4 15. Nxd7 Nxd7 16. Nf3 dxc4 17. Qxd4 Nf6 18. Ng5 Bc5 19. Qc3 Bb4 20. Qe5 Bd6 21. Qc3 Bb4 22. Qe5 1/2-1/2

[Event "BCF-chT 2122 (4NCL)"]
[Site "England"]
[Date "2022.06.26"]
[Round "11.67"]
[White "Khoury, Theo"]
[Black "Varney, Zoe"]
[Result "1/2-1/2"]
[WhiteElo "1949"]
[BlackElo "2060"]
[PlyCount "136"]
[EventDate "2021.11.27"]
[EventType "team-swiss"]
[EventRounds "11"]
[EventCountry "ENG"]
[SourceTitle "EXT 2023"]
[Source "ChessBase"]
[SourceDate "2022.10.05"]
[SourceVersion "1"]
[SourceVersionDate "2022.10.05"]
[SourceQuality "1"]
[WhiteTeam "West is Best"]
[BlackTeam "Blackthorne Russia"]
[WhiteTeamCountry "ENG"]
[BlackTeamCountry "ENG"]

1. e4 e5 2. Nf3 Nc6 3. d4 exd4 4. Nxd4 Nf6 5. Nxc6 bxc6 6. e5 Qe7 7. Qe2 Nd5 8. h4 Qe6 9. Nd2 a5 10. g3 Nb4 11. Nf3 Ba6 12. c4 Qg6 13. Kd1 0-0-0 14. h5 Qe6 15. a3 Nd5 16. Qd2 Qg4 17. Be2 Bxc4 18. Rh4 Bxe2+ 19. Kxe2 Qf5 20. Qxa5 d6 21. Qa8+ Kd7 22. Qxc6+ Kxc6 23. Nd4+ Kd7 24. Nxf5 dxe5 25. Bd2 Ke6 26. Ne3 Be7 27. Rc4 Bd6 28. Nxd5 Kxd5 29. Rac1 Rb8 30. Bb4 c5 31. Bxc5 Rxb2+ 32. Kd3 Rb3+ 33. Kd2 Rc8 34. Rb4 Rxb4 35. axb4 Bxc5 36. bxc5 Rxc5 37. Rb1 Rc7 38. Kd3 Ra7 39. Rb6 Kc5 40. Rb8 Kd5 41. Rb6 Rd7 42. Ke3 Rd6 43. Rb7 Ke6 44. f4 exf4+ 45. Kxf4 Rd4+ 46. Kf3 Rd7 47. Rb6+ Kf5 48. Rb5+ Kf6 49. g4 Ra7 50. Kg3 Ra3+ 51. Kh4 Re3 52. Rf5+ Ke6 53. Rf2 h6 54. Ra2 Ke5 55. Ra7 g5+ 56. hxg6 fxg6 57. Re7+ Kf4 58. Rf7+ Ke5 59. Re7+ Kd4 60. Rd7+ Ke4 61. g5 hxg5+ 62. Kg4 Ra3 63. Re7+ Kd5 64. Rg7 Ra1 65. Kxg5 Rg1+ 66. Kf6 g5 67. Rxg5+ Rxg5 68. Kxg5 Ke5 1/2-1/2

[Event "London Menchik Memorial 1st"]
[Site "London"]
[Date "2022.06.22"]
[Round "5"]
[White "Dworakowska, Joanna"]
[Black "Varney, Zoe"]
[Result "1-0"]
[WhiteElo "2321"]
[BlackElo "2060"]
[PlyCount "71"]
[EventDate "2022.06.18"]
[EventType "tourn"]
[EventRounds "9"]
[EventCountry "ENG"]
[SourceTitle "CBM 209 Extra"]
[Source "ChessBase"]
[SourceDate "2022.09.30"]
[SourceVersion "1"]
[SourceVersionDate "2022.09.30"]
[SourceQuality "1"]

1. e4 e5 2. Nf3 Nc6 3. Nc3 Nf6 4. Bb5 Nd4 5. Ba4 c6 6. Bb3 d6 7. Nxd4 exd4 8. Ne2 Nxe4 9. Nxd4 Qf6 10. Nf3 Nc5 11. Bc4 Bg4 12. Be2 Ne6 13. Ng1 Bf5 14. d3 d5 15. g4 Bg6 16. h4 h6 17. Rh3 Bc5 18. Nf3 0-0-0 19. h5 Bh7 20. Kf1 Rhe8 21. Rb1 Bd6 22. b4 Qe7 23. Be3 Bxb4 24. Nd4 Bd6 25. Qd2 c5 26. Nb5 Bb8 27. Bf3 d4 28. Qa5 dxe3 29. Nxa7+ Kd7 30. Rxb7+ Nc7 31. Bc6+ Kd6 32. Rxe3 Qh4 33. Bxe8 Qh1+ 34. Ke2 Qxb7 35. Nb5+ Kd5 36. c4# 1-0

[Event "London Menchik Memorial 1st"]
[Site "London"]
[Date "2022.06.19"]
[Round "2"]
[White "Varney, Zoe"]
[Black "Hunt, Harriet"]
[Result "0-1"]
[WhiteElo "2060"]
[BlackElo "2381"]
[PlyCount "76"]
[EventDate "2022.06.18"]
[EventType "tourn"]
[EventRounds "9"]
[EventCountry "ENG"]
[SourceTitle "CBM 209 Extra"]
[Source "ChessBase"]
[SourceDate "2022.09.30"]
[SourceVersion "1"]
[SourceVersionDate "2022.09.30"]
[SourceQuality "1"]

1. e3 Nf6 2. Nf3 e6 3. b3 b6 4. Bb2 Bb7 5. c4 d5 6. Nc3 a6 7. d4 Bd6 8. Be2 Nbd7 9. 0-0 0-0 10. Qc2 Qe7 11. Rfd1 Rac8 12. Rac1 Rfe8 13. Qb1 dxc4 14. bxc4 e5 15. dxe5 Nxe5 16. Nd5 Nxd5 17. cxd5 Ng6 18. Ba1 b5 19. a4 b4 20. Qb2 f6 21. Qd4 Ra8 22. Bd3 Bc8 23. a5 Bd7 24. Nh4 Qe5 25. Nxg6 Qxh2+ 26. Kf1 hxg6 27. Bxg6 Bb5+ 28. Bd3 Re5 29. Bxb5 axb5 30. Qg4 Qh1+ 31. Ke2 Qh5 32. Qxh5 Rxh5 33. g4 Rh2 34. Rg1 Rxa5 35. Rc2 b3 36. Rd2 Bb4 37. Rd4 Ra2+ 38. Kd3 b2 0-1

[Event "BCF-chT 2122 (4NCL)"]
[Site "England"]
[Date "2022.05.01"]
[Round "8.78"]
[White "Varney, Zoe"]
[Black "Verma, Shlok"]
[Result "1/2-1/2"]
[WhiteElo "1998"]
[BlackElo "1831"]
[PlyCount "80"]
[EventDate "2021.11.27"]
[EventType "team-swiss"]
[EventRounds "11"]
[EventCountry "ENG"]
[SourceTitle "EXT 2023"]
[Source "ChessBase"]
[SourceDate "2022.10.05"]
[SourceVersion "1"]
[SourceVersionDate "2022.10.05"]
[SourceQuality "1"]
[WhiteTeam "Blackthorne Russia"]
[BlackTeam "KJCA Kings"]
[WhiteTeamCountry "ENG"]
[BlackTeamCountry "ENG"]

1. e4 e6 2. d4 d5 3. Bd3 dxe4 4. Bxe4 Nf6 5. Bf3 c5 6. Ne2 Be7 7. Nbc3 a6 8. Be3 cxd4 9. Nxd4 Qc7 10. 0-0 0-0 11. Ne4 e5 12. Nxf6+ Bxf6 13. Ne2 Be6 14. Nc3 Rd8 15. Nd5 Bxd5 16. Bxd5 Nc6 17. Qf3 Nd4 18. Bxd4 exd4 19. Bxb7 Rab8 20. Be4 Be5 21. g3 Rxb2 22. Qd3 g6 23. f4 Bg7 24. f5 Rb6 25. Rab1 Rxb1 26. Rxb1 Qd6 27. Rb7 Qc5 28. fxg6 hxg6 29. Qb3 Rf8 30. Kg2 Qe5 31. Bd3 Qe3 32. Bxa6 Qd2+ 33. Kg1 Qe1+ 34. Bf1 Bh6 35. Qf3 Be3+ 36. Kg2 Qd2+ 37. Qe2 Qc3 38. Qc4 Qd2+ 39. Qe2 Qc3 40. Qc4 Qd2+ 1/2-1/2

[Event "London She Plays To Win 1st"]
[Site "London"]
[Date "2022.04.11"]
[Round "9"]
[White "Vanduyfhuys, Daria"]
[Black "Varney, Zoe"]
[Result "0-1"]
[WhiteElo "2080"]
[BlackElo "1998"]
[PlyCount "78"]
[EventDate "2022.04.07"]
[EventType "tourn"]
[EventRounds "9"]
[EventCountry "ENG"]
[SourceTitle "CBM 207 Extra"]
[Source "ChessBase"]
[SourceDate "2022.05.31"]
[SourceVersion "1"]
[SourceVersionDate "2022.05.31"]
[SourceQuality "1"]

1. d4 Nf6 2. c4 g6 3. Nc3 Bg7 4. e4 d6 5. Nf3 0-0 6. Be2 Nbd7 7. 0-0 e5 8. d5 Nc5 9. Qc2 a5 10. Ne1 Ne8 11. Nd3 b6 12. Rb1 f5 13. f3 Nxd3 14. Qxd3 f4 15. b3 g5 16. Nd1 h5 17. Nf2 Nf6 18. h3 Kf7 19. a3 Rh8 20. b4 g4 21. fxg4 hxg4 22. Bxg4 Nxg4 23. Nxg4 Bxg4 24. hxg4 Qh4 25. c5 Bf6 26. Qf3 Rag8 27. cxb6 Rxg4 28. Qxg4 Qxg4 29. b7 Qh4 30. Bd2 Qh2+ 31. Kf2 Bh4+ 32. Kf3 Rg8 33. Rg1 Qg3+ 34. Ke2 Qf2+ 35. Kd3 Qd4+ 36. Kc2 Qxe4+ 37. Kc1 Qxd5 38. bxa5 Rb8 39. Rh1 Bf6 0-1

[Event "EU-ch 22nd"]
[Site "Terme Catez"]
[Date "2022.04.03"]
[Round "8"]
[White "Hulka, Valentyn"]
[Black "Varney, Zoe"]
[Result "1-0"]
[WhiteElo "2105"]
[BlackElo "1998"]
[PlyCount "81"]
[EventDate "2022.03.27"]
[EventType "swiss"]
[EventRounds "11"]
[EventCountry "SLO"]
[SourceTitle "CBM 208"]
[Source "ChessBase"]
[SourceDate "2022.06.30"]
[SourceVersion "1"]
[SourceVersionDate "2022.06.30"]
[SourceQuality "1"]

1. e4 e5 2. Nf3 Nc6 3. Bb5 a6 4. Ba4 Nf6 5. 0-0 Be7 6. Re1 b5 7. Bb3 0-0 8. d4 Nxd4 9. Nxd4 exd4 10. e5 Ne8 11. c3 c5 12. cxd4 c4 13. Bc2 d5 14. Nc3 Nc7 15. Ne2 a5 16. Nf4 Ra6 17. Be3 g6 18. Ne2 f5 19. f4 b4 20. Rf1 Bd7 21. Ba4 Na8 22. Kh1 Nb6 23. Bxd7 Qxd7 24. Qc2 h5 25. h3 Kf7 26. g4 hxg4 27. hxg4 Ke8 28. Kg2 a4 29. Rh1 b3 30. Qb1 Na8 31. axb3 cxb3 32. Qd3 Nc7 33. Rhc1 Qb5 34. Qd1 Kd7 35. Nc3 Qb4 36. Qd3 Raa8 37. Bd2 a3 38. Nb5 Qxb5 39. Rxc7+ Kxc7 40. Qxb5 axb2 41. Ba5+ 1-0

[Event "EU-ch 22nd"]
[Site "Terme Catez"]
[Date "2022.03.31"]
[Round "5"]
[White "Varney, Zoe"]
[Black "Lorscheid, Gerhard"]
[Result "0-1"]
[WhiteElo "1998"]
[BlackElo "2150"]
[PlyCount "94"]
[EventDate "2022.03.27"]
[EventType "swiss"]
[EventRounds "11"]
[EventCountry "SLO"]
[SourceTitle "CBM 208"]
[Source "ChessBase"]
[SourceDate "2022.06.30"]
[SourceVersion "1"]
[SourceVersionDate "2022.06.30"]
[SourceQuality "1"]

1. e4 d6 2. d4 Nf6 3. Nc3 e5 4. Nf3 exd4 5. Nxd4 Be7 6. Bf4 0-0 7. Qd2 Nc6 8. 0-0-0 Nxd4 9. Qxd4 Be6 10. f3 a6 11. g4 b5 12. h4 c5 13. Qe3 b4 14. Na4 Qc7 15. b3 Nd7 16. g5 c4 17. h5 Qa5 18. Bxd6 Bxd6 19. Rxd6 Rfc8 20. Rd4 cxb3 21. axb3 Nc5 22. Kd2 Nxa4 23. bxa4 Qxa4 24. Bd3 a5 25. h6 Qa2 26. Rd6 Qb2 27. e5 b3 28. Qe4 g6 29. Qf4 Rxc2+ 30. Ke3 Bf5 31. Bxf5 Re2+ 32. Kd3 Qc2+ 33. Kd4 gxf5 34. e6 Qd2+ 35. Qxd2 Rxd2+ 36. Ke5 Re2+ 37. Kxf5 Rxe6 38. Rd2 a4 39. Rhd1 Ree8 40. Rb2 Reb8 41. Ra1 a3 42. Rbb1 b2 43. Ra2 Rb3 44. f4 Rc8 45. Kf6 Kf8 46. f5 Rc5 47. g6 fxg6 0-1